African land development in Kenya. (Record no. 2682)

MARC details
000 -LEADER
fixed length control field 00818cas a2200265u| 4500
001 - CONTROL NUMBER
control field 8851049
003 - CONTROL NUMBER IDENTIFIER
control field OSt
005 - DATE AND TIME OF LATEST TRANSACTION
control field 20230626114610.0
008 - FIXED-LENGTH DATA ELEMENTS--GENERAL INFORMATION
fixed length control field 810213n ke |||||||||||| ||eng|
010 ## - LIBRARY OF CONGRESS CONTROL NUMBER
LC control number 53028086
040 ## - CATALOGING SOURCE
Original cataloging agency DLC
Transcribing agency CarP
Modifying agency DLC
082 ## - DEWEY DECIMAL CLASSIFICATION NUMBER
Classification number 333.3
Item number BAR
100 ## - MAIN ENTRY--PERSONAL NAME
Titles and words associated with a name Sir Evelyn Baring
245 00 - TITLE STATEMENT
Title African land development in Kenya.
260 ## - PUBLICATION, DISTRIBUTION, ETC. (IMPRINT)
Place of publication, distribution, etc. [Nairobi?]
300 ## - PHYSICAL DESCRIPTION
Extent p. cm.
310 ## - CURRENT PUBLICATION FREQUENCY
Current publication frequency Unknown
500 ## - GENERAL NOTE
General note Serial.
590 ## - LOCAL NOTE (RLIN)
Local note PREMARC/SERLOC merged record
650 #0 - SUBJECT ADDED ENTRY--TOPICAL TERM
Topical term or geographic name as entry element Land settlement
Geographic subdivision Kenya.
710 2# - ADDED ENTRY--CORPORATE NAME
Corporate name or jurisdiction name as entry element Kenya Colony and Protectorate.
Subordinate unit African Land Development Board. [from old catalog]
710 2# - ADDED ENTRY--CORPORATE NAME
Corporate name or jurisdiction name as entry element Kenya Colony and Protectorate.
Subordinate unit Land Development Board (Non-scheduled Areas) [from old catalog]
906 ## - LOCAL DATA ELEMENT F, LDF (RLIN)
a 0
b cbc
c serprem
d u
e ncip
f 19
g y-gencatlg
942 ## - ADDED ENTRY ELEMENTS (KOHA)
Source of classification or shelving scheme Dewey Decimal Classification
Koha item type Books
Holdings
Withdrawn status Lost status Source of classification or shelving scheme Damaged status Not for loan Home library Current library Date acquired Total Checkouts Full call number Barcode Date last seen Price effective from Koha item type
    Dewey Decimal Classification     County Hall Archives County Hall Archives 06/26/2023   333.3 BAR 10000477 06/26/2023 06/26/2023 Books
    Dewey Decimal Classification     County Hall Archives County Hall Archives 06/26/2023   333.3 BAR 10000467 06/26/2023 06/26/2023 Books
    Dewey Decimal Classification     County Hall Archives County Hall Archives 06/26/2023   333.3 BAR 10000480 06/26/2023 06/26/2023 Books
LIBRARY OPENING HOURS

When the Parliament is sitting: 8.00a.m - 7.00p.m or until the house adjourns
Mondays and Fridays and when the House is on Recess:  8.00a.m - 5.00p.m
Closed on Weekends and Public Holidays

Online Public Access Catalog (OPAC)
Website: http://www.parliament.go.ke
Bunge Library: https://libraryir.parliament.go.ke
Contact: library@parliament.go.ke | Tel no: (254-2)2221291 or 2848000 Ext 5043